00516cam a22001692 4500001001100000005001700011008004100028020001500069040001500084245011600099250001300215260003400228300001700262650002700279700003700306852000300343000002040820151217154440.0110916s xx 000 0 eng d a8181475350 aKABUcKABU10aPocket companion to Robbins and Cotran pathologic basis of disease. 7th ed. /cRichard N. Mitchell ...[et al.]. a1st ed. aNew Delhi :bElsevier,c2006. axii, 801 p. 0aPathology.@00001782771 aMitchell, Richard N.@00001806481